DVD & Blu-ray recording 2007
Αποθηκεύτηκε σε:
| Συγγραφή απο Οργανισμό/Αρχή: | |
|---|---|
| Μορφή: | Βιβλίο |
| Γλώσσα: | Greek |
| Δημοσίευση: |
Αθήνα :
Δημοσιογραφικός Οργανισμός Λαμπράκη Α.Ε.,
2007
|
| Σειρά: | HomeTech 2007
|
| Θέματα: | |
| Ετικέτες: |
Προσθήκη ετικέτας
Δεν υπάρχουν, Καταχωρήστε ετικέτα πρώτοι!
|
MARC
| LEADER | 00000cam a2200000 i 4500 | ||
|---|---|---|---|
| 001 | 1/46480 | ||
| 008 | 070619s2007 gre d | ||
| 035 | |l 10088386 | ||
| 040 | |a GR-MY-UA |b gre |e aacr | ||
| 041 | 0 | |a gre | |
| 082 | 0 | |a 005.36 |2 (22) | |
| 245 | 1 | 0 | |a DVD & Blu-ray recording 2007 |
| 260 | |a Αθήνα : |b Δημοσιογραφικός Οργανισμός Λαμπράκη Α.Ε., |c 2007 | ||
| 300 | |a 167 σ.; |b εικ.; |c 23 εκ.+ |e 1 οπτικός δίσκος λέϊζερ Η/Υ (4 3/4 ιν.) | ||
| 490 | 1 | |a HomeTech 2007 | |
| 500 | |a Διανέμεται με το περιοδικό HiTech Μαϊου 2007 | ||
| 650 | 0 | 0 | |a DVD-Video discs |x Authoring programs. |
| 710 | 2 | |a Δημοσιογραφικός Οργανισμός Λαμπράκη. | |
| 830 | 0 | |a HomeTech 2007 | |
| 852 | |a INST |b LESVOS |e 20070619 |h 005.36 DVD |p 005100037272 |q 005100037272 |t BK |y 0 | ||
| 852 | |a INST |b LESVOS |e 20070619 |h 005.36 DVD |p 005100037271 |q 005100037271 |t BK |y 0 | ||
| 901 | |a BIBL1-2007-2 | ||
| 909 | |a Λ |b 132616 | ||
| 909 | |a Λ |b 132649 | ||
| 970 | |a ΤΖΑΦΕΡΗ |b ΕΥΑΓΓΕΛΙΑ |z 2007/06/20 | ||